00690nam a2200145Ia 4500008004100000100003800041245010600079245012900185260005300314260000900367650001500376856006100391999001900452952007300471170221s9999 xx 000 0 und d aYelena Vyacheslavovna Yemelyanova 4aThe Necessity of English for Specific Purposes at the Law Universities of the Republic of Kazakhstan  cYelena Vyacheslavovna Yemelyanova, Flyura Rifkhatovna Avazbakiyeva, Anar Bauyrzhanovna Ibrayeva, Aizhan Zharkynovna Aikenova bInternational Review of Management and Marketing c2012 xMarketing. uhttp://www.econjournals.com/index.php/irmm/issue/view/75 c310480d310480 001040aCLbCLd2017-02-21l0r2017-02-21 00:00:00w2017-02-21yFOJ